Online Catalogue and eLibrary

Endangered humanity : (Record no. 2902)

MARC details
000 -LEADER
fixed length control field 00459nam a2200169Ia 4500
005 - DATE AND TIME OF LATEST TRANSACTION
control field 20240605010125.0
008 - FIXED-LENGTH DATA ELEMENTS--GENERAL INFORMATION
fixed length control field 240331s9999 xx 000 0 und d
082 ## - DDC Classification
Item Number - Author Mark END
Class No. 362
100 ## - MAIN ENTRY--PERSONAL NAME
Personal name Bhaban,S.K. ed
245 #0 - TITLE STATEMENT
Title Endangered humanity :
Remainder of title a field observation report on repression on minority hindu women
250 ## - EDITION STATEMENT
Edition statement 1st
260 ## - PUBLICATION, DISTRIBUTION, ETC.
Place of publication, distribution, etc. Dhaka
Name of publisher, distributor, etc. Bangladesh Mahila Parishad
Date of publication, distribution, etc. 2002
300 ## - PHYSICAL DESCRIPTION
Extent (e.g. Volumes, Pages etc.) 46 p.,
650 ## - SUBJECT ADDED ENTRY--TOPICAL TERM
Topical term or geographic name entry element Humanity
650 ## - SUBJECT ADDED ENTRY--TOPICAL TERM
Topical term or geographic name entry element Women
942 ## - Koha item type (Biblio)
Koha item type Books in Stacks (Lending)
Holdings
Lost status Damaged status Collection code Home library Current library Shelving location Date acquired Full call number Accession Number Item type
    Lending WERC Library WERC Library Social Science Cupboard 03/31/2024 362 END 4801 Books in Stacks (Lending)

© WERC Library